000 01266pam a2200313 a 4500
001 4345052
003 OSt
005 20230620132624.0
008 891116s1990 nyu b 001 0 eng
010 _a 89026653
020 _a0195057481 (alk. paper) :
_c$24.95
040 _aDLC
_cDLC
_dDLC
043 _an-us---
050 0 0 _aJK2391.C5
_bL48 1990
082 0 0 _a324.273/75/08
_220
_bLEW
100 1 _aLewy, Guenter,
_d1923-
245 1 4 _aThe cause that failed :
_bcommunism in American political life /
_cGuenter Lewy.
260 _aNew York :
_bOxford University Press,
_c1990.
300 _axi, 359 p. ;
_c24 cm.
504 _aIncludes bibliographical references (p. 309-345) and index.
610 2 0 _aCommunist Party of the United States of America
_xHistory
_y20th century.
650 0 _aCommunism
_zUnited States
_xHistory
_y20th century.
651 0 _aUnited States
_xPolitics and government
_y20th century.
856 4 2 _3Publisher description
_uhttp://www.loc.gov/catdir/enhancements/fy0636/89026653-d.html
856 4 2 _3Contributor biographical information
_uhttp://www.loc.gov/catdir/enhancements/fy0723/89026653-b.html
906 _a7
_bcbc
_corignew
_d1
_eocip
_f19
_gy-gencatlg
942 _2ddc
_cBK
999 _c1727
_d1727